000 00510cam a2200169 4500500
005 20260329001807.0
041 _afre
042 _adc
100 1 0 _aChapuis, Émilie
_eauthor
245 0 0 _a« Face au cancer, tu es seul »
260 _c2009.
500 _a2
690 _acourage
690 _aMaladie
786 0 _nPhilosophie magazine | 29 | 5 | 2009-05-01 | p. 16-16 | 1951-1787
856 4 1 _uhttps://shs.cairn.info/magazine-philosophie-magazine-2009-5-page-16?lang=fr&redirect-ssocas=7080
999 _c1808696
_d1808696